000 00885cam a22002773a 4500
001 21907
003 PGUSA
005 20140828083451.0
008 070623s2007||||xxu|||||s|||||000 | eng d
040 _aPGUSA
_beng
042 _adc
050 4 _aRC
100 1 _aMakellar, Archibald
245 1 3 _aAn Investigation into the Nature of Black Phthisis ;
_bor, Ulceration Induced by Carbonaceous Accumulation in the Lungs of Coal Miners
_h[electronic resource] /
_cArchibald Makellar
260 _bProject Gutenberg,
_c2007
506 _aPublic domain in the USA.
516 _aElectronic text
653 _aCoal miners -- Diseases
653 _aMiners -- Diseases
653 _aOccupational diseases
653 _aMiners' phthisis
653 _aLungs -- Dust diseases
830 0 _aProject Gutenberg
_v21907
856 4 0 _uhttp://www.gutenberg.org/ebooks/21907
942 _cEB
999 _c251162
_d251162